<?xml version="1.0" encoding="UTF-8"?>
<record
    xmlns:xsi="http://www.w3.org/2001/XMLSchema-instance"
    xsi:schemaLocation="http://www.loc.gov/MARC21/slim http://www.loc.gov/standards/marcxml/schema/MARC21slim.xsd"
    xmlns="http://www.loc.gov/MARC21/slim">

  <leader>04245nam a2200325 a 4500</leader>
  <controlfield tag="003">OSt</controlfield>
  <controlfield tag="005">20250815112800.0</controlfield>
  <controlfield tag="007">cr ||||||a|a|a</controlfield>
  <controlfield tag="008">250806s2025    mx a|||fom||| 001 0 spa d</controlfield>
  <datafield tag="040" ind1=" " ind2=" ">
    <subfield code="e">rda</subfield>
  </datafield>
  <datafield tag="100" ind1="1" ind2=" ">
    <subfield code="a">Cruz L&#xF3;pez, Esteban</subfield>
    <subfield code="9">190827</subfield>
  </datafield>
  <datafield tag="245" ind1="1" ind2="0">
    <subfield code="a">Valoraci&#xF3;n gen&#xE9;tica de &#xE1;rboles progenitores de Cedrela odorata L. a trav&#xE9;s de la evaluaci&#xF3;n de sus progenies /</subfield>
    <subfield code="c">por Esteban Cruz L&#xF3;pez; director de tesis Cob Uicab Jos&#xE9; Vidal; secretario Xavier Garc&#xED;a Cuevas; vocal Refugio Ram&#xF3;n Rivera Leyva; suplente Jes&#xFA;s Manuel Cabrera Delgado; suplete Vargas Carballo Rigoberto.</subfield>
  </datafield>
  <datafield tag="264" ind1=" " ind2="1">
    <subfield code="a">Chapingo, M&#xE9;xico :</subfield>
    <subfield code="b">El autor,</subfield>
    <subfield code="c">2024.</subfield>
  </datafield>
  <datafield tag="300" ind1=" " ind2=" ">
    <subfield code="a">1 recurso en l&#xED;nea (63 p&#xE1;ginas):</subfield>
    <subfield code="b">cuadros, figuras.</subfield>
  </datafield>
  <datafield tag="336" ind1=" " ind2=" ">
    <subfield code="2">rdacontent</subfield>
    <subfield code="a">texto</subfield>
    <subfield code="b">txt</subfield>
  </datafield>
  <datafield tag="337" ind1=" " ind2=" ">
    <subfield code="2">rdamedia</subfield>
    <subfield code="a">computadora</subfield>
    <subfield code="b">c</subfield>
  </datafield>
  <datafield tag="338" ind1=" " ind2=" ">
    <subfield code="2">rdacarrier</subfield>
    <subfield code="a">recurso en l&#xED;nea</subfield>
    <subfield code="b">cr</subfield>
  </datafield>
  <datafield tag="502" ind1=" " ind2=" ">
    <subfield code="b">IF</subfield>
    <subfield code="c">DICIFO</subfield>
    <subfield code="d">2024.</subfield>
    <subfield code="g">LIC</subfield>
  </datafield>
  <datafield tag="504" ind1=" " ind2=" ">
    <subfield code="a">Incluye referencias bibliogr&#xE1;ficas: p&#xE1;ginas 51-63.</subfield>
  </datafield>
  <datafield tag="520" ind1=" " ind2=" ">
    <subfield code="a">La identificaci&#xF3;n y selecci&#xF3;n de individuos gen&#xE9;ticamente superiores, es el inicio y la base fundamental de un programa de mejoramiento gen&#xE9;tico forestal. El objetivo del presente estudio fue estimar la calidad gen&#xE9;tica de 64 &#xE1;rboles progenitores de Cedrela odorata L. a trav&#xE9;s de la evaluaci&#xF3;n del crecimiento de sus progenies. Entre los meses de febrero, marzo y abril de 2017, fue recolectado semilla bot&#xE1;nica de 80 &#xE1;rboles fenot&#xED;picamente superiores de Cedrela odorata L. en la Pen&#xED;nsula de Yucat&#xE1;n. En septiembre de 2018, fue establecido bajo un dise&#xF1;o de bloques completos al azar con 16 repeticiones y una planta por unidad experimental, un ensayo de progenies en el Sitio Experimental &#x201C;San Felipe Bacalar&#x201D;, Bacalar, Quintana Roo, conformado por 64 familias de medios hermanos. En mayo de 2022, fueron evaluadas las variables di&#xE1;metro normal (dn, cm), altura total (at, m) y volumen fustal (vft, m3). A cuatro a&#xF1;os de edad, el ensayo de progenies, present&#xF3; una supervivencia del 93%, con valores promedio de altura y di&#xE1;metro normal de 4.9 m y 7.0 cm, respectivamente. Con relaci&#xF3;n a los porcentajes de supervivencia a nivel de familias, 22 registraron un 100% de supervivencia, de las cuales, 14 familias (11, 15, 16, 17, 19, 20, 21, 23, 24, 30, 31, 32, 34 y 35) corresponden a la procedencia Quintana Roo, seis familias (46, 47, 49, 50, 51 y 54) a la procedencia Campeche y dos familias (73 y 74) a la procedencia Yucat&#xE1;n. El an&#xE1;lisis dasom&#xE9;trico demostr&#xF3; que la procedencia Campeche fue la que registr&#xF3; los mejores valores de crecimiento en las tres variables bajo estudio, seguida de las procedencias Quintana Roo y Yucat&#xE1;n. La prueba de rangos m&#xFA;ltiples de Duncan (p&#x2264;0.05), corrobor&#xF3; que las procedencias Campeche y Quintana Roo fueron las sobresalientes en su desempe&#xF1;o en los crecimientos en altura y di&#xE1;metro normal y las familias 24 y 25 fueron las sobresalientes en su desempe&#xF1;o en las tres variables de estudio con una marcada diferencia con respecto a los grupos generados. El an&#xE1;lisis de correlaci&#xF3;n confirm&#xF3; la ausencia de una correspondencia entre las dimensiones de los progenitores y la respuesta de sus descendientes, ya que la correlaci&#xF3;n existente entre ellas, fue muy baja. La heredabilidad individual y de familias estimada para la variable di&#xE1;metro normal fue mayor (h2i= 0.39 y h2f = 0.12) con relaci&#xF3;n al volumen del fuste (h2i= 0.18 y h2f = 0.06) y altura (h2i= 0.10 y h2f = 0.12). La mayor heredabilidad estimada del di&#xE1;metro normal sugiere que la selecci&#xF3;n de plantas a los cuatro a&#xF1;os de edad basada en el di&#xE1;metro normal es m&#xE1;s eficiente con relaci&#xF3;n a la selecci&#xF3;n directa para mejorar el crecimiento en volumen.</subfield>
  </datafield>
  <datafield tag="650" ind1=" " ind2="4">
    <subfield code="a">Cedrela odorata</subfield>
    <subfield code="x">Crecimiento</subfield>
    <subfield code="9">185891</subfield>
  </datafield>
  <datafield tag="650" ind1=" " ind2="4">
    <subfield code="a">Cedrela odorata</subfield>
    <subfield code="x">Mejoramiento gen&#xE9;tico</subfield>
    <subfield code="9">185892</subfield>
  </datafield>
  <datafield tag="700" ind1="1" ind2=" ">
    <subfield code="a">Cob Uicab, Jos&#xE9; Vidal</subfield>
    <subfield code="e">director.</subfield>
    <subfield code="9">24153</subfield>
  </datafield>
  <datafield tag="700" ind1="1" ind2=" ">
    <subfield code="a">Garc&#xED;a Cuevas, Xavier</subfield>
    <subfield code="e">secretario.</subfield>
    <subfield code="9">45895</subfield>
  </datafield>
  <datafield tag="700" ind1="1" ind2=" ">
    <subfield code="a">Rivera Leyva, Refugio Ram&#xF3;n</subfield>
    <subfield code="e">vocal.</subfield>
    <subfield code="9">190864</subfield>
  </datafield>
  <datafield tag="700" ind1="1" ind2=" ">
    <subfield code="a">Cabrera Delgado, Jes&#xFA;s Manuel</subfield>
    <subfield code="e">suplente.</subfield>
    <subfield code="9">16657</subfield>
  </datafield>
  <datafield tag="700" ind1="1" ind2=" ">
    <subfield code="a">Vargas Carballo, Rigoberto</subfield>
    <subfield code="e">suplente.</subfield>
    <subfield code="9">117985</subfield>
  </datafield>
  <datafield tag="856" ind1=" " ind2=" ">
    <subfield code="u">http://10.13.5.2/tesis/tl/1410503-4_CRUZ_LOPEZ_ESTEBAN.pdf</subfield>
    <subfield code="z">DESCARGAR PDF</subfield>
  </datafield>
  <datafield tag="942" ind1=" " ind2=" ">
    <subfield code="2">Clasificaci&#xF3;n Universidad Aut&#xF3;noma Chapingo</subfield>
    <subfield code="c">TD</subfield>
  </datafield>
  <datafield tag="999" ind1=" " ind2=" ">
    <subfield code="c">220779</subfield>
    <subfield code="d">220779</subfield>
  </datafield>
  <datafield tag="952" ind1=" " ind2=" ">
    <subfield code="0">0</subfield>
    <subfield code="1">0</subfield>
    <subfield code="2">local</subfield>
    <subfield code="4">0</subfield>
    <subfield code="5">1</subfield>
    <subfield code="7">0</subfield>
    <subfield code="8">TesDigL</subfield>
    <subfield code="a">BD</subfield>
    <subfield code="b">BD</subfield>
    <subfield code="c">E_L</subfield>
    <subfield code="d">2025-08-06</subfield>
    <subfield code="l">0</subfield>
    <subfield code="o">Tesis digital</subfield>
    <subfield code="r">2025-08-06 13:28:34</subfield>
    <subfield code="w">2025-08-06</subfield>
    <subfield code="y">TD</subfield>
  </datafield>
</record>
